[Event "GER-chT School WK H+R"]
[Site "Playchess.com INT"]
[Date "2020.06.17"]
[Round "6.3"]
[White "Esterlein, Paul"]
[Black "Cicak, Cedric"]
[Result "1-0"]
[WhiteElo "1483"]
[BlackElo "1554"]
[PlyCount "87"]
[EventDate "2020.06.10"]
[EventType "team-swiss (blitz)"]
[EventRounds "7"]
[EventCountry "GER"]
[SourceTitle "EXT 2021"]
[Source "ChessBase"]
[SourceDate "2020.10.23"]
[SourceVersion "1"]
[SourceVersionDate "2020.10.23"]
[SourceQuality "1"]
[WhiteTeam "Salzstrasse Realschule"]
[BlackTeam "Bad Krozingen Max Planck"]
[WhiteTeamCountry "GER"]
[BlackTeamCountry "GER"]

1. e4 e5 2. c3 Nf6 3. Qe2 Bc5 4. d3 d5 5. Nf3 dxe4 6. dxe4 Ng4 7. Be3 Nxe3 8. fxe3 0-0 9. Nxe5 Nc6 10. Nxc6 bxc6 11. Nd2 Qh4+ 12. g3 Qg5 13. Nc4 Bg4 14. Qf2 Bxe3 15. Qxe3 Qb5 16. b3 Be6 17. Nd2 Qb6 18. Qxb6 axb6 19. Be2 Rae8 20. 0-0 Bh3 21. Rfe1 b5 22. Bf3 Rd8 23. Rad1 c5 24. Nf1 Ra8 25. Rd2 b4 26. c4 Bxf1 27. Kxf1 h6 28. e5 g6 29. Bxa8 Rxa8 30. e6 fxe6 31. Rxe6 Kf7 32. Rc6 h5 33. Rxc7+ Ke6 34. Rxc5 g5 35. Re2+ Kf6 36. Rb5 g4 37. Rxh5 Ra6 38. Rh6+ Kg5 39. Rxa6 Kf5 40. Ra5+ Kf6 41. Rd2 Ke6 42. Rdd5 Ke7 43. Ra6 Ke8 44. Ra7 1-0